Региональные проблемы преобразования экономики: интеграционные процессы и социально-экономическая политика региона (Запись № 11771701)

Подробности
000 -МАРКЕР
контрольное поле 03310nam0a2200409 4500
001 - ИДЕНТИФИКАТОР ЗАПИСИ
контрольное поле RU\NLR\BIBL_A\012410205
005 - ИДЕНТИФИКАТОР ВЕРСИИ
контрольное поле 20201204155955.0
010 ## - МЕЖДУНАРОДНЫЙ СТАНДАРТНЫЙ НОМЕР КНИГИ (ISBN)
Номер (ISBN) 978-5-6042271-5-2
Тираж 500
021 ## - НОМЕР ГОСУДАРСТВЕННОЙ РЕГИСТРАЦИИ
Код страны Российская Федерация
Номер КН-П-20-045897
Номер Листа государственной регистраци КН-П-20-3508
035 ## - ДРУГИЕ СИСТЕМНЫЕ НОМЕРА
Идентификатор записи (NLR Aleph) 012410205
035 ## - ДРУГИЕ СИСТЕМНЫЕ НОМЕРА
Идентификатор записи (RuMoRGB)010396182
100 ## - ДАННЫЕ ОБЩЕЙ ОБРАБОТКИ
Данные общей обработки 20201124d2018 k y0rusy50 ca
101 0# - ЯЗЫК РЕСУРСА
Язык текста, звукозаписи и т.д. русский
-- английский
102 ## - СТРАНА ПУБЛИКАЦИИ ИЛИ ПРОИЗВОДСТВА
Страна публикации Российская Федерация
105 ## - ПОЛЕ КОДИРОВАННЫХ ДАННЫХ: ТЕКСТОВЫЕ МАТЕРИАЛЫ, МОНОГРАФИЧЕСКИЕ
Кодированные данные о монографическом текстовом документе ab||z|||100zy
181 #0 - ПОЛЕ КОДИРОВАННЫХ ДАННЫХ: ВИД СОДЕРЖАНИЯ
Код вида содержания (ISBD) i
Код характеристики содержания (ISBD) axxe
182 #0 - ПОЛЕ КОДИРОВАННЫХ ДАННЫХ: ТИП СРЕДСТВА
Код типа средства (ISBD) n - непосредственное
200 1# - ЗАГЛАВИЕ И СВЕДЕНИЯ ОБ ОТВЕТСТВЕННОСТИ
Основное заглавие Региональные проблемы преобразования экономики: интеграционные процессы и социально-экономическая политика региона
Сведения, относящиеся к заглавию материалы IX Международной научно-практической конференции (5-6 декабря 2018 г.), [Махачкала]
Первые сведения об ответственности Министерство науки и высшего образования Российской Федерации, Российская академия наук, Отделение общественных наук, Секция экономики, Дагестанский научный центр, Институт социально-экономических исследований ДНЦ РАН, Институт экономики и демографии Академии наук Республики Таджикистан, ГОУ ВПО "Донецкий национальный технический университет" [и др.
Последующие сведения об ответственности под общей редакцией: Кутаева Ш.К., Гимбатова Ш.М.]
203 ## - ВИД СОДЕРЖАНИЯ И ТИП СРЕДСТВА
Вид содержания Текст
Дополнительные сведения об издании визуальный
Тип средства непосредственный
210 ## - ПУБЛИКАЦИЯ, РАСПРОСТРАНЕНИЕ И ДР.
Место издания, распространения и т.д. Махачкала
Имя издателя, распространителя и т. д. Институт социально-экономических исследований ДНЦ РАН
Дата издания, распространения и т.д. 2018
215 ## - ФИЗИЧЕСКАЯ ХАРАКТЕРИСТИКА
Специфическое обозначение материала и объем 704 с.
Другие сведения о физической характеристике ил., карт., табл.
Размеры 29
300 ## - ОБЩИЕ ПРИМЕЧАНИЯ
Текст примечания Часть текста на англ. яз.
320 ## - ПРИМЕЧАНИЯ О НАЛИЧИИ В ДОКУМЕНТЕ БИБЛИОГРАФИИ / УКАЗАТЕЛЯ
Текст примечания Библиогр. в конце ст.
606 1# - НАИМЕНОВАНИЕ ТЕМЫ КАК ПРЕДМЕТ
Наименование темы Региональная экономика
Формальный подзаголовок Съезды, совещания и т.п
Географический подзаголовок Российская Федерация
Системный номер авторитетной/нормативной записи 2073469
Идентификатор авторитетной/нормативной записи RU\NLR\AUTH\661248372
686 1# - ИНДЕКСЫ ДРУГИХ КЛАССИФИКАЦИЙ
Индекс У04(2Р)9я431
702 #1 - ИМЯ ЛИЦА - ВТОРИЧНАЯ ОТВЕТСТВЕННОСТЬ
Начальный элемент ввода Кутаев
Часть имени, кроме начального элемента ввода Ш. К.
Расширение инициалов личного имени Шихрагим Кутаевич
Код отношения Редактор
711 12 - НАИМЕНОВАНИЕ ОРГАНИЗАЦИИ - АЛЬТЕРНАТИВНАЯ ОТВЕТСТВЕННОСТЬ
Начальный элемент ввода "Региональные проблемы преобразования экономики: интеграционные процессы и социально-экономическая политика региона", международная научно-практическая конференция
Порядковый номер временной организации и / или порядковый номер ее части 9
Место проведения временной организации Махачкала
Дата проведения временной организации 2018
Системный номер авторитетной/нормативной записи 725547
Идентификатор авторитетной/нормативной записи RU\NLR\AUTH\880531678
712 02 - НАИМЕНОВАНИЕ ОРГАНИЗАЦИИ - ВТОРИЧНАЯ ОТВЕТСТВЕННОСТЬ
Код отношения Прочие
Начальный элемент ввода Российская академия наук
Структурное подразделение Секция экономики
Системный номер авторитетной/нормативной записи 608407
Идентификатор авторитетной/нормативной записи RU\NLR\AUTH\8810053990
712 02 - НАИМЕНОВАНИЕ ОРГАНИЗАЦИИ - ВТОРИЧНАЯ ОТВЕТСТВЕННОСТЬ
Код отношения Прочие
Начальный элемент ввода Институт экономики и демографии
Идентифицирующий признак Душанбе
Системный номер авторитетной/нормативной записи 604484
Идентификатор авторитетной/нормативной записи RU\NLR\AUTH\880471397
712 02 - НАИМЕНОВАНИЕ ОРГАНИЗАЦИИ - ВТОРИЧНАЯ ОТВЕТСТВЕННОСТЬ
Код отношения Прочие
Начальный элемент ввода Донецкий национальный технический университет
Системный номер авторитетной/нормативной записи 600054
Идентификатор авторитетной/нормативной записи RU\NLR\AUTH\8810049955
942 ## - ДОПОЛНИТЕЛЬНЫЕ ЭЛЕМЕНТЫ ЗАПИСИ (АБИС)
Тип экземпляра АБИС Книга
980 ## - КОЛЛЕКЦИЯ
Название коллекции НБР
980 ## - КОЛЛЕКЦИЯ
Название коллекции Национальная библиография

Нет доступных экземпляров.